01896nam a2200445 a 4500001001200000003000800012006001900020007001500039008004100054010001700095020003700112020003400149020002700183040002100210035002100231043001200252050002600264082001700290100001900307245011100326260005500437300002500492504005100517505007600568533015200644600003300796600003100829600002900860650004600889650004600935650004400981651005201025651005801077651006201135651006201197655002901259710001701288856012601305999001901431ebr10527785CaPaEBRm u cr cn|||||||||110203s2011 alua sb 001 0deng d z 2011003388 z9780817317539 (cloth alk. paper) z0817317538 (cloth alk. paper) z9780817385828 (e-book) aCaPaEBRcCaPaEBR a(OCoLC)785776399 an-us-al14aHV6465.A2bH65 2011eb04a364.1/342221 aHollars, B. J.10aThirteen loopsh[electronic resource] :brace, violence, and the last lynching in America /cB.J. Hollars. aTuscaloosa :bUniversity of Alabama Press,cc2011. aviii, 249 p. :bill. aIncludes bibliographical references and index.0 apt. 1. Tying the knot -- pt. 2. The last lynching -- pt. 3. Untangling. aElectronic reproduction.bPalo Alto, Calif. :cebrary,d2011.nAvailable via World Wide Web.nAccess may be limited to ebrary affiliated libraries.10aDonald, Michael,d1961-1981.10aMaddox, Vaudine,dd. 1933.10aBallard, Gene,dd. 1979. 0aLynchingzAlabamaxHistoryy20th century. 0aViolencezAlabamaxHistoryy20th century. 0aRacismzAlabamaxHistoryy20th century. 0aAlabamaxRace relationsxHistoryy20th century. 0aMobile (Ala.)xRace relationsxHistoryy20th century. 0aBirmingham (Ala.)xRace relationsxHistoryy20th century. 0aTuscaloosa (Ala.)xRace relationsxHistoryy20th century. 7aElectronic books.2local2 aebrary, Inc.40uhttp://site.ebrary.com/lib/rucke/Doc?id=10527785zAn electronic book accessible through the World Wide Web; click to view c145371d145371